00584nam a2200169 a 450000100100000000500170001000800410002704000250006808200160009310000460010924500510015526000410020630000270024704900090027495201140028399900170039700003032420240619113636.0110510s2004 dr a 000 0 spa d aDO-SdBNPbspacBNPHU axxxxbG861r1 aGrimaldi Silié, Eleanor, d1948-98571313aLa restauración /cEleanor Grimaldi Silié. aSanto Domingo :bEl Siglo,c[19--?]. a31 p. :bil. ;c26 cm. aBNPD 0010718PDaPDbPDcCTd2011-05-10iLF1l0oxxxx G861rp30324-10r2020-06-25w2020-06-25yLFPDZNo se presta c29816d29816